| 000 | 01655nam a22002057a 4500 | ||
|---|---|---|---|
| 005 | 20230714115123.0 | ||
| 008 | 230713b ||||| |||| 00| 0 eng d | ||
| 040 | _cAL | ||
| 041 | _aEnglish | ||
| 082 |
_223 _a204.4 _bKWAH |
||
| 100 |
_aKwatamani _9126934 |
||
| 245 | _aHolistic Living Truth about Supreme Love Book 2: Resurrecting Divine Thought and Reasoning | ||
| 260 |
_a2004 _bKwatamani Holistic Institute of Brain Body and Spiritual Research and Dev Inc _cArcadia |
||
| 300 |
_a356 p. _bPB _c21x14 cm. |
||
| 520 | _aIt is not by accident or coincidence that a time of great expectations is upon us. Man, He and She, is poised at the turning point of a massive whole life energy cycle upon the planet Earth. So many have predicted and prophesied that a time of monumental change would occur; so many have fantasized and imagined what that change would look like and how it would appear; so many have anticipated what their own part will be. The question arises: "Do you want to live? Do you desire to be alive? Do you want to ensure that the supreme spiritual essence of who you truly are as spirit continues to exist within the sacred temple of Man, He and She?" If the answer is yes, then one must consume whole life energy. The High Priest Kwatamani offers an essential key to comprehension and mental resurrection. This spiritual call is for those who are ready to enter into the whole life vibrations of divine consumption and connect with the glorious gift of life provided by our Most Supreme Creator. | ||
| 650 |
_aLove--Religious aspects _9126725 |
||
| 650 |
_aSpiritual life _9126726 |
||
| 700 |
_aKWATAMANI _9126727 |
||
| 942 |
_2ddc _cDB |
||
| 999 |
_c227843 _d227843 |
||